000 00894nam a22002895a 4500
001 17542229
003 SISC
005 20170118162353.0
008 121128s2015 ohu 000 0 eng
010 _a 2012954798
020 _a9781133953371
040 _aDLC
_cDLC
042 _apcc
050 _aHD 30.28
_b.G665 2014
100 1 _aGopinath, C.
245 1 0 _aStrategize! :
_bexperiential exercises in strategic management /
_cC. Gopinath, Julie Siciliano.
250 _a4th Edition.
260 _aMason, OH :
_bCengage,
_c2014.
263 _a1502
300 _axiii, 202 pages :
_billustrations ;
_c28 cm.
500 _aIncludes bibliographical references and index.
521 _aBusiness Administration
650 _aStrategic planning
_xProblems, exercises, etc.
906 _a0
_bibc
_corignew
_d2
_eepcn
_f20
_gy-gencatlg
942 _2lcc
_cBK
_kFOR
999 _c276739
_d276739